[Event "Kreis-Mitte-EM"]
[Site "Zirndorf"]
[Date "2014.01.03"]
[Round "1.1"]
[White "Erlbeck, Peter"]
[Black "Münzenberg, Dietrich"]
[Result "1-0"]
[WhiteElo "2038"]
[BlackElo "1677"]
[PlyCount "65"]
[EventDate "2014.??.??"]
[WhiteTeam "SW Nürnberg Süd"]
[BlackTeam "Zabo-Eintracht Nbg."]

1. e4 c6 2. d4 d5 3. exd5 cxd5 4. c4 Nf6 5. Nc3 Nc6 6. Bg5 Ne4 7. Nxe4 dxe4 8.
d5 Ne5 9. Qd4 f6 10. Bd2 Bf5 11. c5 a6 12. Bc3 Qc7 13. Qa4+ Nd7 14. b4 h6 15.
Ne2 g5 16. Nd4 Bg6 17. Ne6 Qc8 18. Be2 Kf7 19. O-O Bg7 20. Rac1 Re8 21. f4 exf3
22. Bxf3 Kg8 23. Bg4 Bf7 24. Nxg7 Kxg7 25. Bxd7 b5 26. Bxc8 bxa4 27. Bd7 Red8
28. Bxa4 Bxd5 29. Rce1 e5 30. a3 Bc4 31. Rf3 Rac8 32. Bc2 Rc7 33. Rxf6 1-0

[Event "Kreis-Mitte-EM"]
[Site "Zirndorf"]
[Date "2014.01.03"]
[Round "1.2"]
[White "Mantel, Ruben"]
[Black "Haubold, Martin"]
[Result "0-1"]
[WhiteElo "1665"]
[BlackElo "1996"]
[PlyCount "98"]
[EventDate "2014.??.??"]
[WhiteTeam "Zabo-Eintracht Nbg."]
[BlackTeam "SC N-T Nürnberg"]

1. e4 Nc6 2. Nc3 d6 3. Bc4 Nf6 4. d3 Bg4 5. Nge2 g6 6. Be3 Bg7 7. f3 Bd7 8. Qd2
h5 9. a3 Qc8 10. Nf4 Ne5 11. Ba2 c5 12. O-O-O Rb8 13. Nfd5 Nxd5 14. Nxd5 e6 15.
Nc3 Nc6 16. Nb5 Ke7 17. Bg5+ f6 18. Bf4 e5 19. Be3 a6 20. Nc3 b5 21. Nd5+ Kf8
22. f4 Ne7 23. fxe5 dxe5 24. Qf2 Nxd5 25. Bxd5 Be6 26. Bxc5+ Kf7 27. Bd6 Bxd5
28. Bxb8 Qxb8 29. exd5 Rc8 30. Rhf1 Qd6 31. Qf3 a5 32. g4 Qc5 33. c3 hxg4 34.
Qxg4 f5 35. Rde1 b4 36. axb4 axb4 37. c4 b3 38. Qg5 Ra8 39. Rxf5+ Kg8 40. Qxg6
Ra1+ 41. Kd2 Qb4+ 42. Ke3 Qxe1+ 43. Kf3 Qh1+ 44. Ke3 Re1+ 45. Kd2 Rd1+ 46. Kc3
Qe1+ 47. Kxb3 Rxd3+ 48. Ka4 Qa1+ 49. Kb5 Rb3+ 0-1

[Event "Kreis-Mitte-EM"]
[Site "Zirndorf"]
[Date "2014.01.03"]
[Round "1.3"]
[White "Süß, Stefan"]
[Black "Stohl, Peter"]
[Result "1-0"]
[WhiteElo "1971"]
[BlackElo "1622"]
[PlyCount "71"]
[EventDate "2014.??.??"]
[WhiteTeam "SC N-T Nürnberg"]
[BlackTeam "SK Schwabach 1907"]

1. d4 f5 2. c4 e6 3. g3 Be7 4. Bg2 Nf6 5. Nf3 d6 6. O-O h6 7. Nh4 Kf7 8. Nc3
Ne4 9. Nf3 Nxc3 10. bxc3 Nd7 11. e4 fxe4 12. Nd2 Nf6 13. Nxe4 Nxe4 14. Bxe4 h5
15. Qf3+ Kg8 16. Bxb7 Bxb7 17. Qxb7 g5 18. Qe4 Rh6 19. f4 Rb8 20. f5 d5 21.
cxd5 Qxd5 22. Qxd5 exd5 23. h4 Rc6 24. hxg5 Rxc3 25. Kg2 Re8 26. Bf4 Bd6 27.
Rae1 Rc2+ 28. Kf3 Rb8 29. Bxd6 cxd6 30. g6 Rxa2 31. Kf4 Ra4 32. Kg5 h4 33. Kh6
hxg3 34. f6 Rf8 35. f7+ Rxf7 36. Re8+ 1-0

[Event "Kreis-Mitte-EM"]
[Site "Zirndorf"]
[Date "2014.01.03"]
[Round "1.4"]
[White "Mantel, Hubert"]
[Black "Brenner, Christian"]
[Result "0-1"]
[WhiteElo "1620"]
[BlackElo "1969"]
[PlyCount "48"]
[EventDate "2014.??.??"]
[WhiteTeam "Zabo-Eintracht Nbg."]
[BlackTeam "Zabo-Eintracht Nbg."]

1. e4 e5 2. Bc4 Nf6 3. Nc3 Nc6 4. d3 Be7 5. f4 d6 6. Nf3 Bg4 7. h3 Bxf3 8. Qxf3
Nd4 9. Qf2 c6 10. Be3 b5 11. Bb3 a5 12. Bxf7+ Kxf7 13. Bxd4 exd4 14. Qxd4 Re8
15. O-O-O Kg8 16. g4 a4 17. a3 c5 18. Qf2 b4 19. Nb1 Rb8 20. g5 Nh5 21. c3 Nxf4
22. h4 Rf8 23. Qd2 Ng6 24. Rdg1 Ne5 0-1

[Event "Kreis-Mitte-EM"]
[Site "Zirndorf"]
[Date "2014.01.03"]
[Round "1.5"]
[White "Rausch, Wolfgang sr"]
[Black "Pörzgen, Michael"]
[Result "1/2-1/2"]
[WhiteElo "1964"]
[BlackElo "1586"]
[PlyCount "28"]
[EventDate "2014.??.??"]
[WhiteTeam "SC N-T Nürnberg"]
[BlackTeam "SW Nürnberg Süd"]

1. c4 Nf6 2. Nf3 g6 3. d4 Bg7 4. Nc3 O-O 5. e4 d6 6. Be2 Na6 7. O-O e5 8. h3
exd4 9. Nxd4 Nc5 10. f3 Nh5 11. Be3 Ng3 12. Re1 Qh4 13. Bf1 Nxf1 14. Rxf1 Bxh3
1/2-1/2

[Event "Kreis-Mitte-EM"]
[Site "Zirndorf"]
[Date "2014.01.03"]
[Round "1.7"]
[White "Lais, Thomas"]
[Black "Walch, Roger"]
[Result "1/2-1/2"]
[WhiteElo "1899"]
[BlackElo "1581"]
[PlyCount "70"]
[EventDate "2014.??.??"]
[WhiteTeam "SW Nürnberg Süd"]
[BlackTeam "SW Nürnberg Süd"]

1. e4 e6 2. d4 d5 3. Nc3 Nf6 4. Bg5 Be7 5. e5 Nfd7 6. h4 Bxg5 7. hxg5 Qxg5 8.
Nh3 Qe7 9. Qg4 f6 10. f4 a6 11. O-O-O Nc6 12. Be2 b5 13. Qg3 Nf8 14. Bh5+ Kd8
15. exf6 Qxf6 16. Rhe1 g6 17. Bf3 Ne7 18. Kb1 Nf5 19. Qf2 Bd7 20. g4 Nd6 21.
Qg3 c6 22. f5 exf5 23. g5 f4 24. Nxf4 Nf5 25. Qg2 Qd6 26. Nd3 Nh4 27. Qf2 Nxf3
28. Qxf3 Bf5 29. Ne5 Ra7 30. Qe3 Ne6 31. Ne2 Re7 32. Ng3 Rf8 33. Qc3 Kc7 34.
Qd2 Kb7 35. Ka1 Nd8 1/2-1/2

[Event "Kreis-Mitte-EM"]
[Site "Zirndorf"]
[Date "2014.01.03"]
[Round "1.8"]
[White "Ratscheu, Stefan"]
[Black "Luther, Helmut"]
[Result "0-1"]
[WhiteElo "1552"]
[BlackElo "1891"]
[PlyCount "86"]
[EventDate "2014.??.??"]
[WhiteTeam "SC Postbauer-Heng"]
[BlackTeam "SW Nürnberg Süd"]

1. e4 d5 2. d4 c6 3. Nc3 dxe4 4. Nxe4 Nf6 5. Nxf6+ gxf6 6. c3 Bf5 7. Bd3 Qd5 8.
Bxf5 Qxf5 9. Qf3 Qxf3 10. Nxf3 Rg8 11. g3 Nd7 12. O-O e6 13. Be3 Be7 14. Rad1
h5 15. Kh1 Bd6 16. Nd2 Bc7 17. f4 f5 18. Bf2 h4 19. Rde1 O-O-O 20. Nf3 hxg3 21.
Bxg3 Rg7 22. Ne5 Rh8 23. Re3 Nf6 24. c4 Ne4 25. Rg1 Rgh7 26. Rg2 Rd8 27. Rd3
Rg8 28. Be1 Rxg2 29. Kxg2 f6 30. Nf3 Bxf4 31. b3 Rg7+ 32. Kh1 b6 33. b4 Rd7 34.
b5 cxb5 35. cxb5 Rc7 36. a3 Rc1 37. Kg2 Rc2+ 38. Kh1 Re2 39. Kg1 Rb2 40. a4 Ra2
41. h4 Rxa4 42. d5 Nc5 43. Rd1 e5 0-1

[Event "Kreis-Mitte-EM"]
[Site "Zirndorf"]
[Date "2014.01.03"]
[Round "1.9"]
[White "Rummel, Gerald"]
[Black "Hasenöder, Matthias"]
[Result "1-0"]
[WhiteElo "1844"]
[BlackElo "1541"]
[PlyCount "83"]
[EventDate "2014.??.??"]
[WhiteTeam "SC Anderssen Nbg."]
[BlackTeam "Zabo-Eintracht Nbg."]

1. d4 e6 2. e4 d5 3. Nd2 c5 4. c3 Nc6 5. Ngf3 cxd4 6. cxd4 dxe4 7. Nxe4 Nf6 8.
Nc3 Be7 9. Be2 O-O 10. O-O Nb4 11. Ne5 Nbd5 12. Bf3 a6 13. Re1 Bd7 14. a3 Rc8
15. Qd3 Bc6 16. Ne4 Nxe4 17. Bxe4 Nf6 18. Bxc6 bxc6 19. Qxa6 Qd5 20. Qc4 Rfd8
21. Be3 c5 22. Qxd5 Rxd5 23. Nf3 Nd7 24. Rac1 c4 25. Rc2 Nb6 26. Rec1 Rb5 27.
g3 h6 28. Nd2 Rb8 29. Ne4 Na4 30. Rxc4 Nxb2 31. Rc8+ Kh7 32. Rxb8 Rxb8 33. Rc7
Bxa3 34. Rxf7 Kg6 35. Ra7 Bf8 36. Nc5 Bxc5 37. dxc5 Nd3 38. c6 Rb1+ 39. Kg2 Kf5
40. c7 g5 41. c8=Q g4 42. Qc3 1-0

[Event "Kreis-Mitte-EM"]
[Site "Zirndorf"]
[Date "2014.01.03"]
[Round "1.10"]
[White "Denninger, David"]
[Black "Müller, Lothar"]
[Result "0-1"]
[WhiteElo "1521"]
[BlackElo "1832"]
[PlyCount "42"]
[EventDate "2014.??.??"]
[WhiteTeam "TSV Cadolzburg"]
[BlackTeam "SC Postbauer-Heng"]

1. e4 d6 2. d4 Nf6 3. Nc3 g6 4. Nf3 Bg4 5. Bg5 Nbd7 6. Bc4 Bg7 7. h3 Bxf3 8.
Qxf3 O-O 9. O-O-O h6 10. Bf4 Qe8 11. e5 dxe5 12. dxe5 Nh5 13. e6 fxe6 14. Bxe6+
Kh7 15. Bxd7 Qf7 16. Bxc7 Qc4 17. Qxb7 Bxc3 18. bxc3 Qxc3 19. Bg3 Nxg3 20. fxg3
Rab8 21. Qe4 Rf2 0-1

[Event "Kreis-Mitte-EM"]
[Site "Zirndorf"]
[Date "2014.01.03"]
[Round "1.11"]
[White "Thürauf, Peter"]
[Black "Dreiseitel, Werner"]
[Result "1-0"]
[WhiteElo "1823"]
[BlackElo "1512"]
[PlyCount "79"]
[EventDate "2014.??.??"]
[WhiteTeam "SW Nürnberg Süd"]
[BlackTeam "SC N-T Nürnberg"]

1. d4 d5 2. Nf3 c6 3. c4 Nf6 4. Nc3 e6 5. Bg5 Be7 6. e3 O-O 7. Rc1 Nbd7 8. Bd3
dxc4 9. Bxc4 b5 10. Bd3 a6 11. O-O Bb7 12. Bxf6 Nxf6 13. Ne4 Nxe4 14. Bxe4 Rc8
15. Ne5 Qd6 16. Qf3 Rc7 17. Nxc6 Bxc6 18. Rxc6 Rxc6 19. Bxc6 Rc8 20. Be4 b4 21.
Qe2 g6 22. Bb7 Rb8 23. Bxa6 Rb6 24. Bc4 Rc6 25. Bb3 Bd8 26. Qd2 e5 27. d5 e4
28. Qd4 Bc7 29. g3 Rc5 30. Qxe4 Qf6 31. Qxb4 Bd6 32. Qd2 Be5 33. Rb1 h5 34. f4
Bd6 35. e4 Bf8 36. Rd1 Qb6 37. Kg2 Qb7 38. Qd3 Bg7 39. e5 Qd7 40. Qf3 1-0

[Event "Kreis-Mitte-EM"]
[Site "Zirndorf"]
[Date "2014.01.03"]
[Round "1.12"]
[White "Gottlieb, Michael"]
[Black "Pidtoptanyy, Igor"]
[Result "1/2-1/2"]
[WhiteElo "1505"]
[BlackElo "1816"]
[PlyCount "85"]
[EventDate "2014.??.??"]
[WhiteTeam "SC Postbauer-Heng"]
[BlackTeam "SW Nürnberg Süd"]

1. e4 e5 2. Nf3 Nc6 3. d4 exd4 4. Bc4 Nf6 5. O-O d6 6. Nxd4 Ne5 7. Bb3 c5 8.
Ba4+ Bd7 9. Bxd7+ Qxd7 10. Nf3 Qc6 11. Nxe5 dxe5 12. Re1 Be7 13. Qe2 Rd8 14. f3
O-O 15. Be3 a6 16. Nd2 b5 17. c4 Ne8 18. Rac1 Nc7 19. f4 exf4 20. Bxf4 Ne6 21.
Be3 Bf6 22. Rc2 Bd4 23. cxb5 axb5 24. Rec1 Qa6 25. a3 Qd6 26. Nb3 Bxe3+ 27.
Qxe3 c4 28. Nd2 Nd4 29. Rc3 Rfe8 30. b3 cxb3 31. Nxb3 Nxb3 32. Rxb3 Qe5 33. Rb4
f5 34. Qb3+ Kh8 35. exf5 Rc8 36. Rf1 Rc3 37. Qf7 Qc5+ 38. Kh1 Rf8 39. Qe6 Qxf5
40. Qxf5 Rxf5 41. Kg1 Rxf1+ 42. Kxf1 Rxa3 43. Rxb5 1/2-1/2

[Event "Kreis-Mitte-EM"]
[Site "Zirndorf"]
[Date "2014.01.03"]
[Round "1.13"]
[White "Schlötterer, Hermann"]
[Black "Weidenhöfer, Robert"]
[Result "1-0"]
[WhiteElo "1812"]
[BlackElo "1488"]
[PlyCount "73"]
[EventDate "2014.??.??"]
[WhiteTeam "Zabo-Eintracht Nbg."]
[BlackTeam "SW Nürnberg Süd"]

1. Nf3 b6 2. g3 Bb7 3. Bg2 c5 4. O-O Nf6 5. d3 e6 6. e4 d6 7. b3 Be7 8. Bb2 O-O
9. Nbd2 Nbd7 10. Nc4 Qc7 11. a4 d5 12. exd5 exd5 13. Ne3 d4 14. Nc4 Rfe8 15.
Bc1 Nd5 16. Bd2 f6 17. Nh4 Ne5 18. Nxe5 fxe5 19. Qg4 Nf6 20. Qe6+ Kh8 21. Bxb7
Qxb7 22. Qh3 Bd6 23. Bg5 Qf7 24. a5 b5 25. a6 Nd5 26. Qg2 Nb4 27. f4 exf4 28.
Bxf4 Bxf4 29. Rxf4 Qe6 30. Re4 Qc6 31. Rae1 Rf8 32. Qe2 Nd5 33. Re6 Qd7 34. Qh5
Kg8 35. Qe5 Rf7 36. Rd6 Re7 37. Qxd5+ 1-0

[Event "Kreis-Mitte-EM"]
[Site "Zirndorf"]
[Date "2014.01.03"]
[Round "1.15"]
[White "Schanz, Karlheinz"]
[Black "Albayrak, Aylin"]
[Result "1-0"]
[WhiteElo "1736"]
[BlackElo "1467"]
[PlyCount "131"]
[EventDate "2014.??.??"]
[WhiteTeam "SC Mühlhof-R'dorf"]
[BlackTeam "Zabo-Eintracht Nbg."]

1. e4 e5 2. Nf3 Nf6 3. Nc3 d6 4. d4 Bg4 5. dxe5 Bxf3 6. Qxf3 dxe5 7. a3 Nbd7 8.
Bc4 Bc5 9. O-O O-O 10. Bg5 c6 11. Rad1 Bd4 12. Rfe1 b5 13. Bf1 Qc8 14. Rb1 a6
15. Ne2 Bb6 16. Ng3 Re8 17. Nf5 Re6 18. Rbd1 Qc7 19. Rd2 h5 20. h3 g6 21. Nh6+
Kg7 22. Red1 Nc5 23. Bd3 Rf8 24. g4 Nh7 25. Be3 h4 26. Bf1 Qe7 27. Bg2 Ng5 28.
Nf5+ gxf5 29. Qxf5 Nh7 30. b4 Na4 31. Rd7 Qf6 32. g5 Qxf5 33. exf5 Ree8 34. f6+
Kg8 35. Bc1 e4 36. Re1 e3 37. f4 e2+ 38. Kh2 Bf2 39. Bd2 Bxe1 40. Bxe1 Rd8 41.
Re7 Rfe8 42. Bxc6 Kf8 43. Rxe8+ Rxe8 44. Bxe8 Kxe8 45. Kg2 Nb6 46. Kf3 Nc4 47.
Kxe2 Nxa3 48. Kd3 Kd7 49. c3 Ke6 50. Ke4 Nc4 51. f5+ Kd7 52. Bxh4 Nd6+ 53. Kf4
Nf8 54. Bf2 Kc6 55. h4 Kd5 56. h5 Nh7 57. Bd4 Ne4 58. g6 fxg6 59. fxg6 Nhxf6
60. Bxf6 Nxf6 61. Kg5 Ke6 62. h6 Ne4+ 63. Kf4 Kf6 64. h7 Kg7 65. Kxe4 Kh8 66.
Kd5 1-0

[Event "Kreis-Mitte-EM"]
[Site "Zirndorf"]
[Date "2014.01.03"]
[Round "1.16"]
[White "Mantel, Hans"]
[Black "Drees, Martin"]
[Result "0-1"]
[WhiteElo "1456"]
[BlackElo "1711"]
[PlyCount "82"]
[EventDate "2014.??.??"]
[WhiteTeam "Zabo-Eintracht Nbg."]
[BlackTeam "TSV Cadolzburg"]

1. e4 e5 2. Bc4 Nf6 3. d3 Nc6 4. a3 Bc5 5. Nc3 h6 6. Be3 Bb6 7. h3 O-O 8. Nge2
Ne7 9. Bxb6 axb6 10. f4 d5 11. fxe5 Nxe4 12. Nxd5 Nxd5 13. dxe4 Ne3 14. Qd3
Qxd3 15. cxd3 Nc2+ 16. Kd2 Nxa1 17. Rxa1 Re8 18. Rf1 Be6 19. Bxe6 Rxe6 20. d4
Rd8 21. Ke3 c5 22. d5 Rxe5 23. Nc3 g6 24. g4 Kg7 25. Kf4 Rde8 26. h4 b5 27. Re1
b4 28. axb4 cxb4 29. Na2 Rxd5 30. Nxb4 Rb5 31. Nd3 Rd8 32. Re3 Rb3 33. Nc5 Rxb2
34. e5 Rb5 35. Rc3 Rd4+ 36. Ne4 Rbb4 37. Re3 Kf8 38. Kf3 Rxe4 39. Rxe4 Rxe4 40.
Kxe4 Ke7 41. Kd5 b5 0-1

[Event "Kreis-Mitte-EM"]
[Site "Zirndorf"]
[Date "2014.01.03"]
[Round "1.17"]
[White "Schwegler, Benjamin"]
[Black "Dreiseitel, Ursula"]
[Result "1-0"]
[WhiteElo "1697"]
[BlackElo "1406"]
[PlyCount "63"]
[EventDate "2014.??.??"]
[WhiteTeam "Zabo-Eintracht Nbg."]
[BlackTeam "SC N-T Nürnberg"]

1. e4 c5 2. Nf3 Nc6 3. d3 d6 4. g3 Nf6 5. Bg2 g6 6. O-O Bg7 7. Nbd2 O-O 8. Re1
Bd7 9. c3 Rb8 10. d4 cxd4 11. cxd4 Qb6 12. e5 dxe5 13. dxe5 Ng4 14. Ne4 Ncxe5
15. Nxe5 Nxe5 16. Be3 Qxb2 17. Bd4 Qb5 18. Rb1 Qa4 19. Nc5 Qxd1 20. Rbxd1 Bc6
21. Bxe5 Bxe5 22. Rxe5 Bxg2 23. Kxg2 e6 24. Rb1 Rfd8 25. Rxb7 Ra8 26. Re3 Rd2
27. a4 Rc2 28. Rc7 a5 29. Nxe6 Ra2 30. Nc5 Rf8 31. Ree7 Rd2 32. Ne6 1-0

[Event "Kreis-Mitte-EM"]
[Site "Zirndorf"]
[Date "2014.01.03"]
[Round "1.18"]
[White "Stohl, Tristan"]
[Black "Babichev, Vyacheslav"]
[Result "0-1"]
[WhiteElo "1375"]
[BlackElo "1683"]
[PlyCount "106"]
[EventDate "2014.??.??"]
[WhiteTeam "SK Schwabach 1907"]
[BlackTeam "SW Nürnberg Süd"]

1. f4 e6 2. Nf3 Nf6 3. Nc3 b6 4. b3 Bb7 5. e3 Be7 6. Bb2 O-O 7. Be2 d6 8. O-O
Nbd7 9. Qe1 a6 10. Qg3 Ne8 11. Ne4 Bxe4 12. d3 Bb7 13. Qh3 Bf6 14. Bxf6 Ndxf6
15. Nd4 c5 16. Bf3 d5 17. Ne2 Qe7 18. Ng3 Nd6 19. Rae1 Qd7 20. a3 Nf5 21. e4
Nxg3 22. Qxg3 d4 23. e5 Nd5 24. Bg4 Ne3 25. Rf2 Nxg4 26. Qxg4 g6 27. Ref1 Qe7
28. Qg3 a5 29. f5 exf5 30. Rxf5 Bc8 31. Rf6 Be6 32. Qh4 Qc7 33. Qg3 a4 34. bxa4
Rxa4 35. Ra1 Qa7 36. Raf1 Rxa3 37. Qf3 Qa8 38. Qf4 Ra1 39. h3 Rxf1+ 40. Qxf1
Qa2 41. Rf2 Ra8 42. Qe2 Qd5 43. Kh2 b5 44. Rf1 c4 45. Rb1 cxd3 46. cxd3 Ra2 47.
Qf1 Qxe5+ 48. Kh1 Bd7 49. Qd1 Bc6 50. Qb3 Bxg2+ 51. Kg1 Qe3+ 52. Kh2 Qxh3+ 53.
Kg1 Qh1# 0-1

[Event "Kreis-Mitte-EM"]
[Site "Zirndorf"]
[Date "2014.01.03"]
[Round "1.19"]
[White "Nüßlein, Christian"]
[Black "Held, Werner"]
[Result "0-1"]
[WhiteElo "1677"]
[BlackElo "1269"]
[PlyCount "76"]
[EventDate "2014.??.??"]
[WhiteTeam "SGem Nürnberg 1978"]
[BlackTeam "Zabo-Eintracht Nbg."]

1. e4 e5 2. Nf3 d6 3. d4 Nc6 4. Bb5 Bd7 5. d5 Nce7 6. Bxd7+ Qxd7 7. O-O Nf6 8.
Re1 Rc8 9. c4 c6 10. Nc3 cxd5 11. cxd5 Rc4 12. Nd2 Rc5 13. Qa4 b5 14. Qd1 g6
15. Nb3 Rc4 16. Bg5 Bg7 17. Qe2 O-O 18. Nd2 Rb4 19. b3 Rc8 20. Rac1 h6 21. Be3
Rxc3 22. Rxc3 Nxe4 23. Nxe4 Rxe4 24. Qd3 Rh4 25. g3 e4 26. Qc2 Bxc3 27. Qxc3
Qg4 28. Qf6 Nf5 29. Qd8+ Kh7 30. Bd4 Nxd4 31. Re3 Rh3 32. Qf6 Nf3+ 33. Rxf3
Qxf3 34. Qxd6 e3 35. fxe3 Qxe3+ 36. Kg2 Rh5 37. Qd7 Qe2+ 38. Kg1 Rf5 0-1

[Event "KEM 2014"]
[Site "?"]
[Date "2014.01.03"]
[Round "1.14"]
[White "Gesellchen, Bernhard"]
[Black "Dr. Knab, Reinhard"]
[Result "1/2-1/2"]
[WhiteElo "1474"]
[BlackElo "1804"]
[PlyCount "114"]
[EventDate "2014.??.??"]
[WhiteTeam "SC Postbauer-Heng"]
[BlackTeam "SpVgg Zabo-Eintracht Nürnberg"]

1. e4 e5 2. Nf3 f5 3. d3 d6 4. Nc3 Nf6 5. Be2 Be7 6. h3 O-O 7. O-O c6 8. b3 b5
9. a3 a5 10. Bb2 Na6 11. b4 Nc7 12. Re1 Ne6 13. exf5 Nf4 14. Ne4 Bxf5 15. Ng3
Bd7 16. Bf1 {Remisangebot Weis} 16... Qc8 {
abgelehnt - verbleibende Zeit: Weis 33 Minuten, Schwarz 29 Minuten} 17. Kh2
axb4 18. axb4 Rxa1 19. Bxa1 N6d5 20. c3 Qe8 21. d4 Qf7 22. dxe5 Nxh3 23. e6
Bxe6 24. Rxe6 Qxe6 25. gxh3 Nf4 26. Nd4 Qd7 27. Qg4 Qxg4 28. hxg4 Rc8 29. Ngf5
Ng6 30. c4 bxc4 {Restzeit: Weis 9 Minuten, Schwarz 4 Minuten} 31. Bxc4+ d5 32.
Bb3 Bxb4 33. Ne6 {Sxc6!} 33... Kf7 34. Nexg7 Nf4 35. Nh6+ Ke7 36. Nhf5+ Kd7 37.
Be5 Nd3 38. Bg3 Nc5 39. Bc2 Ne6 {
Lc3! und fast Ausgleich ... - Restzeit: Weis 3 Minuten, Schwarz ca. 1 Minute}
40. Nxe6 Kxe6 41. Kg2 c5 42. Nd4+ Kf7 43. Nb5 c4 44. Bxh7 Bc5 45. Be5 Re8 46.
f4 Rxe5 47. fxe5 {die letzte Chance: Endspiel gegen Springer und Laufer?! - ob
Weis es wohl kann ...?} 47... Ke6 48. Kf3 Kxe5 49. g5 d4 50. Be4 Be7 51. g6 Bf6
52. Na3 c3 53. Bd3 {
kleine Ungenauigkeit: Sc4+ erschwert Schwarz den Festungsbau} 53... Kd6 54. Ke4
Kc5 55. Nc2 Bg7 56. Kf5 Kd6 57. Bc4 Bh8 {
Weis verzichtet auf sicher noch mogliche Gewinnversuche ... Remis} 1/2-1/2

[Event "Kreis-Mitte-EM"]
[Site "Zirndorf"]
[Date "2014.01.04"]
[Round "2.1"]
[White "Drees, Martin"]
[Black "Erlbeck, Peter"]
[Result "0-1"]
[WhiteElo "1711"]
[BlackElo "2038"]
[PlyCount "100"]
[EventDate "2014.??.??"]
[WhiteTeam "TSV Cadolzburg"]
[BlackTeam "SW Nürnberg Süd"]

1. e4 c5 2. c3 Nf6 3. e5 Nd5 4. d4 cxd4 5. cxd4 Nc6 6. Nf3 d6 7. Bc4 e6 8. Bxd5
exd5 9. O-O Bg4 10. Nbd2 dxe5 11. dxe5 Be7 12. Qa4 Qd7 13. Re1 O-O 14. Nd4 Rfe8
15. Nxc6 bxc6 16. b3 Rac8 17. Bb2 Bg5 18. f4 Bh6 19. Re3 Qf5 20. Rf1 Qc2 21.
Qd4 c5 22. Qc3 Qf5 23. Qd3 Qxd3 24. Rxd3 Be2 25. Rxd5 Bxf1 26. Kxf1 Bxf4 27.
Nf3 c4 28. g3 Be3 29. Ke2 c3 30. Ba3 Bh6 31. g4 Bf4 32. Rd4 Bxe5 33. Nxe5 Rxe5+
34. Kd3 c2 35. Rd7 Re1 36. Rxa7 c1=Q 37. Bxc1 Rexc1 38. b4 R1c3+ 39. Kd2 Rc2+
40. Kd3 Rb2 41. a3 g6 42. h4 Rb3+ 43. Ke4 Rcc3 44. Rb7 Rxa3 45. Ke5 Re3+ 46.
Kf6 Ra6+ 47. Kg5 Kg7 48. b5 Rae6 49. h5 h6+ 50. Kh4 g5# 0-1

[Event "Kreis-Mitte-EM"]
[Site "Zirndorf"]
[Date "2014.01.04"]
[Round "2.2"]
[White "Haubold, Martin"]
[Black "Thürauf, Peter"]
[Result "1-0"]
[WhiteElo "1996"]
[BlackElo "1823"]
[PlyCount "39"]
[EventDate "2014.??.??"]
[WhiteTeam "SC N-T Nürnberg"]
[BlackTeam "SW Nürnberg Süd"]

1. d4 d5 2. c4 c6 3. Nc3 Nf6 4. cxd5 cxd5 5. Bf4 Nc6 6. e3 a6 7. Nf3 e6 8. Bd3
Bd6 9. Bg3 O-O 10. a3 Re8 11. Ne5 Bb8 12. f4 Ne7 13. Bh4 Ng6 14. Bg3 h6 15.
Bxg6 fxg6 16. Bh4 g5 17. fxg5 Ne4 18. Nxe4 dxe4 19. Ng6 hxg5 20. Qh5 1-0

[Event "Kreis-Mitte-EM"]
[Site "Zirndorf"]
[Date "2014.01.04"]
[Round "2.3"]
[White "Babichev, Vyacheslav"]
[Black "Süß, Stefan"]
[Result "0-1"]
[WhiteElo "1683"]
[BlackElo "1971"]
[PlyCount "92"]
[EventDate "2014.??.??"]
[WhiteTeam "SW Nürnberg Süd"]
[BlackTeam "SC N-T Nürnberg"]

1. Nf3 e6 2. g3 d5 3. d4 Nf6 4. Bg2 Be7 5. O-O O-O 6. b3 b6 7. Bb2 Bb7 8. Nbd2
Nbd7 9. Re1 c5 10. e3 Qc7 11. c3 c4 12. b4 a5 13. a3 Rfc8 14. Qc2 b5 15. Nb1
Ra7 16. Nfd2 Rca8 17. bxa5 Rxa5 18. f4 Qb6 19. Nf3 Ne4 20. Nfd2 f5 21. Nxe4
dxe4 22. Qe2 Bd5 23. Qd2 Nf6 24. h3 Bc6 25. Bf1 Nd5 26. Be2 Qc7 27. Kf2 Bd6 28.
h4 Bd7 29. Rh1 g6 30. Rg1 Kg7 31. Rc1 h6 32. Rg1 g5 33. Qc1 g4 34. Qc2 h5 35.
Rc1 Be7 36. Rh1 Kh6 37. Qd2 Bc6 38. Qc1 Nb6 39. Nd2 Na4 40. Nb1 Qa7 41. Bd1
Nxb2 42. Qxb2 Bxa3 43. Nxa3 Rxa3 44. Rxa3 Qxa3 45. Qc2 Qa2 46. Ke2 Qa1 0-1

[Event "Kreis-Mitte-EM"]
[Site "Zirndorf"]
[Date "2014.01.04"]
[Round "2.4"]
[White "Brenner, Christian"]
[Black "Schlötterer, Hermann"]
[Result "1/2-1/2"]
[WhiteElo "1969"]
[BlackElo "1812"]
[PlyCount "120"]
[EventDate "2014.??.??"]
[WhiteTeam "Zabo-Eintracht Nbg."]
[BlackTeam "Zabo-Eintracht Nbg."]

1. e4 Nf6 2. e5 Nd5 3. d4 d6 4. Nf3 Bg4 5. Be2 e6 6. O-O Be7 7. c4 Nb6 8. Nc3
Nc6 9. exd6 cxd6 10. b3 O-O 11. Be3 Bf5 12. Bd3 Bxd3 13. Qxd3 Bf6 14. Ne4 Be7
15. Neg5 g6 16. Rfe1 d5 17. Rad1 Bf6 18. Nh3 Ne7 19. c5 Nd7 20. Bf4 Nf5 21. b4
Re8 22. b5 Qa5 23. c6 bxc6 24. bxc6 Nb6 25. Be5 Be7 26. Re2 Rac8 27. c7 Nc4 28.
Bf4 Nfd6 29. Ne5 Nxe5 30. Bxe5 Rxc7 31. Qg3 Rc3 32. f3 Nf5 33. Qe1 Qa3 34. Kh1
Rxf3 35. gxf3 Qxf3+ 36. Kg1 Qxh3 37. Qf1 Qxf1+ 38. Kxf1 Bg5 39. Rb1 Rc8 40. Rb8
Rxb8 41. Bxb8 Nxd4 42. Rg2 Nc6 43. Bxa7 Nxa7 44. Rxg5 Kf8 45. a4 Ke7 46. Rg3
Nc6 47. Rb3 h5 48. Rb7+ Kf6 49. Rb6 Na5 50. Rb5 Nc4 51. a5 Nxa5 52. Rxa5 Kf5
53. Ra7 f6 54. Rd7 g5 55. Kf2 h4 56. h3 Kf4 57. Rd6 Ke5 58. Rd8 Kf4 59. Rd6 Ke5
60. Rd8 Kf4 1/2-1/2

[Event "Kreis-Mitte-EM"]
[Site "Zirndorf"]
[Date "2014.01.04"]
[Round "2.5"]
[White "Luther, Helmut"]
[Black "Schanz, Karlheinz"]
[Result "1/2-1/2"]
[WhiteElo "1891"]
[BlackElo "1736"]
[PlyCount "98"]
[EventDate "2014.??.??"]
[WhiteTeam "SW Nürnberg Süd"]
[BlackTeam "SC Mühlhof-R'dorf"]

1. d4 d5 2. Nf3 Nf6 3. g3 Bf5 4. Bg2 e6 5. O-O Nbd7 6. b3 Bd6 7. c4 c6 8. Bb2
O-O 9. Nc3 Ne4 10. Nd2 Nxc3 11. Bxc3 Bg6 12. e4 dxe4 13. Nxe4 Be7 14. Re1 Nf6
15. Nd2 Qc7 16. Qe2 Rad8 17. Nf3 Bd6 18. Ne5 Bxe5 19. dxe5 Nd7 20. b4 Nb6 21.
Rad1 Rxd1 22. Rxd1 Rd8 23. Bf1 Rd7 24. Rd4 Qd8 25. Qd2 Rxd4 26. Qxd4 Qxd4 27.
Bxd4 Bb1 28. c5 Nd5 29. a3 a6 30. f4 Be4 31. Kf2 g6 32. Ke2 Kf8 33. Kd2 Ke8 34.
Kc1 Kd7 35. Kb2 h5 36. h4 Bf3 37. Kb3 Bd1+ 38. Kb2 Bf3 39. Kb3 Bd1+ 40. Kb2 Ba4
41. Bg2 Ne7 42. Be4 Bd1 43. Kc3 Nd5+ 44. Bxd5 exd5 45. Kd2 Bb3 46. Kc3 Ba4 47.
Kd2 Ke6 48. Ke3 Kf5 49. Bc3 Bc2 1/2-1/2

[Event "Kreis-Mitte-EM"]
[Site "Zirndorf"]
[Date "2014.01.04"]
[Round "2.6"]
[White "Nagel, Felix"]
[Black "Rummel, Gerald"]
[Result "0-1"]
[WhiteElo "1585"]
[BlackElo "1844"]
[PlyCount "68"]
[EventDate "2014.??.??"]
[WhiteTeam "SC Anderssen Nbg."]
[BlackTeam "SC Anderssen Nbg."]

1. e4 e6 2. d4 d5 3. Nc3 Bb4 4. e5 c5 5. a3 Bxc3+ 6. bxc3 Ne7 7. Qg4 O-O 8. Nf3
Nbc6 9. Bd3 Qa5 10. Bd2 Qa4 11. Ra2 f5 12. exf6 Rxf6 13. Qh5 g6 14. Qh4 Rf7 15.
Bh6 c4 16. Ng5 cxd3 17. Nxf7 Kxf7 18. Qf4+ Nf5 19. g4 e5 20. dxe5 Qxf4 21. Bxf4
dxc2 22. gxf5 Bxf5 23. Kd2 Na5 24. Ke3 Rc8 25. Rc1 Rxc3+ 26. Kd2 Rc4 27. Rb2
Rxf4 28. Ke2 Re4+ 29. Kf3 Rxe5 30. Rb5 b6 31. Kf4 Re4+ 32. Kf3 Rd4 33. Ke2 Nc4
34. Rb3 Re4+ 0-1

[Event "Kreis-Mitte-EM"]
[Site "Zirndorf"]
[Date "2014.01.04"]
[Round "2.7"]
[White "Müller, Lothar"]
[Black "Schwegler, Benjamin"]
[Result "0-1"]
[WhiteElo "1832"]
[BlackElo "1697"]
[PlyCount "60"]
[EventDate "2014.??.??"]
[WhiteTeam "SC Postbauer-Heng"]
[BlackTeam "Zabo-Eintracht Nbg."]

1. e4 c5 2. Nf3 Nc6 3. d4 cxd4 4. Nxd4 Nf6 5. Nc3 e5 6. Ndb5 d6 7. Be2 a6 8.
Na3 b5 9. Nd5 Nxe4 10. Be3 Rb8 11. O-O Ne7 12. c4 Nxd5 13. cxd5 f5 14. f4 Be7
15. Nc2 Bd7 16. Rc1 b4 17. Bxa6 b3 18. axb3 Rxb3 19. Bd3 exf4 20. Bxf4 Nc5 21.
Be2 Rxb2 22. Re1 O-O 23. Na3 Ba4 24. Qd4 Bf6 25. Qc4 Bb3 26. Qb5 Bxd5 27. Bc4
Rxb5 28. Bxd5+ Kh8 29. Nxb5 Nd3 30. Bxd6 Qb6+ 0-1